Textbook of Applied Anatomy & Physiology (Record no. 1706)

MARC details
000 -LEADER
Fixed length control field 00637nam a22002177a 4500
003 - CONTROL NUMBER IDENTIFIER
Control field IIN
005 - DATE AND TIME OF LATEST TRANSACTION
Control field 20250428143530.0
008 - FIXED-LENGTH DATA ELEMENTS--GENERAL INFORMATION
Fixed length control field 250326b |||ad||| |||| 001 0 eng d
020 ## - INTERNATIONAL STANDARD BOOK NUMBER / ISBN
International Standard Book Number 9789392242090
Price Rs.1275.00
040 ## - CATALOGING SOURCE
Original cataloging agency IIN
082 ## - DEWEY DECIMAL CLASSIFICATION NUMBER
Classification number 612
Book Number SON
100 ## - MAIN ENTRY--PERSONAL NAME
Personal name Soni, Pankaj
245 ## - TITLE STATEMENT
Title Textbook of Applied Anatomy & Physiology
Sub title for BSc. Nursing Students (1st Semester)
Statement of responsibility Pankaj Soni and Rajib Biswas/ edited by Vishesh Singhal
260 ## - IMPRINT
Place of publication Punjab
Name of publisher VHS
Date of publication 2023
300 ## - PHYSICAL DESCRIPTION
Page / Vol. No xvi, 568 p.
Other physical details col. ill.
650 ## - SUBJECT ADDED ENTRY--TOPICAL TERM
Topical term Anatomy
650 ## - SUBJECT ADDED ENTRY--TOPICAL TERM
Topical term Physiology
700 ## - ADDED ENTRY--PERSONAL NAME
Personal name Biswas, Rajib
700 ## - ADDED ENTRY--PERSONAL NAME
Personal name Singhal, Vishesh (ed.)
942 ## - ADDED ENTRY ELEMENTS (KOHA)
Koha item type Books
Holdings
Withdrawn status Lost status Source of classification Damaged status Not for loan Collection code Home library Current library Shelving location Date acquired Price Total Checkouts Call number Accession number Date last seen Price effective from Koha item type
    Dewey Decimal Classification     Purches Book IDEAL INSTITUTE OF NURSING IDEAL INSTITUTE OF NURSING General Stacks 11/03/2025 1275.00   612 SON 1818 26/03/2025 26/03/2025 Books
    Dewey Decimal Classification     Purches Book IDEAL INSTITUTE OF NURSING IDEAL INSTITUTE OF NURSING General Stacks 11/03/2025 1275.00   612 SON 1911 28/04/2025 28/04/2025 Books
© Ideal Institute Of Nursing, All rights reserved.         Powered by Koha